| 000 | 00917cam a22002771 4500 | ||
|---|---|---|---|
| 999 |
_c12964 _d12964 |
||
| 001 | 9616650 | ||
| 003 | EG-ScBUE | ||
| 005 | 20210321105558.0 | ||
| 008 | 750513s1965 sp b f 000 1 eeng d | ||
| 035 | _a(OCoLC)1330875 | ||
| 040 |
_aDLC _beng _erda _cFO _dDLC _dEG-ScBUE |
||
| 082 | 0 | 4 |
_a813.2 _bIRV _222 |
| 100 | 1 |
_aIrving, Washington, _d1783-1859, _eauthor. _99568 |
|
| 245 | 1 | 0 |
_aTales of the Alhambra / _cWashington Irving ; with an introduction and notes by Ricardo Villa-Real. |
| 264 | 1 |
_aCalle Boteros, Granada : _bEditorial, Padre Suarez, _c1965. |
|
| 300 |
_a324 pages : _bmaps ; _c19 cm. |
||
| 336 |
_2rdacontent _atext _btxt |
||
| 337 |
_2rdamedia _aunmediated _bn |
||
| 338 |
_2rdacarrier _avolume _bnc |
||
| 650 | _2BUEsh | ||
| 651 | 7 |
_99678 _aAlhambra (Granada, Spain) _2BUEsh |
|
| 653 |
_bGGEN _cMarch2021 |
||
| 655 |
_vReading book _934232 |
||
| 942 |
_2ddc _cBB |
||